Logo BPK

Biblioteka

Politechniki Koszalińskiej

Ferromagnetism and ferromagnetic domains / (Rekord nr 15724)

Szczegóły MARC
000 -ETYKIETA REKORDU
podpole kontrolne o stałej długości 00389nam a2200157 i 4500
001 - NUMER KONTROLNY REKORDU
pole kontrolne bg
040 ## - ŹRÓDŁO KATALOGOWANIA
Instytucja, która utworzyła rekord BPK
041 ## - KOD JĘZYKA
Kod języka tekstu pol
080 ## - UNIWERSALNA KLASYFIKACJA DZIESIĘTNA - UKD
UKD 537.6:538.95
008 - POLE O STAŁEJ DŁUGOŚCI - DANE KONTROLNE
podpole kontrolne o stałej długości s pl f |000 0 pol
100 1# - NAZWA OSOBOWA
Nazwa osobowa CRAIK, D. J.
245 #0 - TYTUŁ/ODPOWIEDZIALNOŚĆ
Tytuł Ferromagnetism and ferromagnetic domains /
Pozostałe elementy strefy tytułu i oznaczenia odpowiedzialności D.J. Craik, R.S. Tebble.
260 ## - STREFA ADRESU WYDAWNICZEGO
Miejsce wydania Amsterdam,
Data publikacji, dystrybucji/powstania dokumentu 1965.
700 1# - HASŁO DODATKOWE - NAZWA OSOBOWA
Nazwa osobowa TEBBLE, R. S.
856 ## - LOKALIZACJA I DOSTĘP DO ELEKTRONICZNYCH DOKUMENTÓW ZDALNYCH
Link (URL) http://koha.tu.koszalin.pl/cgi-bin/koha/opac-detail.pl?biblionumber=15724
Tekst linku Katalog online BPK
942 ## - DODATKOWE ELEMENTY (KOHA)
Typ dokumentu Książka
Egzemplarze
Wycofany Status egzemplarza Uszkodzony Dostępność Lokalizacja stała Lokalizacja bieżąca Miejsce przechowywania Sygnatura Kod kreskowy Typ dokumentu
      Dostępny Biblioteka Politechniki Koszalińskiej Biblioteka Politechniki Koszalińskiej Wypożyczalnia BG 16562 01736724 Książka
© 2023 Biblioteka Politechniki Koszalińskiej :: KOHA